[Event "GER-chT U20 Girls"]
[Site "Stuttgart"]
[Date "2007.12.29"]
[Round "6.4"]
[White "Steinmetz, Charlotte"]
[Black "Schultheiss, Vera"]
[Result "0-1"]
[WhiteElo "1188"]
[BlackElo "1339"]
[PlyCount "100"]
[EventDate "2007.12.27"]
[EventType "team-swiss"]
[EventRounds "7"]
[EventCountry "GER"]
[SourceTitle "EXT 2009"]
[Source "ChessBase"]
[SourceDate "2008.11.26"]
[SourceVersion "1"]
[SourceVersionDate "2008.11.26"]
[SourceQuality "1"]
[WhiteTeam "Leipzig Turm U20 Girls"]
[BlackTeam "Rossdorf SC Ladja U20 Girls"]
[WhiteTeamCountry "GER"]
[BlackTeamCountry "GER"]

1. e4 e5 2. Nf3 Nc6 3. d4 exd4 4. Bc4 h6 5. 0-0 Bc5 6. c3 dxc3 7. Bxf7+ Kxf7 8. Qd5+ Kf8 9. Qxc5+ d6 10. Qxc3 Qf6 11. Qe3 Bg4 12. Nbd2 Re8 13. h3 Bxf3 14. Nxf3 Nge7 15. Re1 Ng6 16. Qa3 Nge5 17. Nxe5 Qxe5 18. Bd2 Qe6 19. Re3 Kg8 20. Rae1 Kh7 21. Qd3 g6 22. Bc3 Rhf8 23. Rg3 Ne5 24. Bxe5 Qxe5 25. Qc2 Re7 26. Rc1 Rff7 27. Ra3 Qxe4 28. Rxa7 Qb4 29. Kh2 Qb6 30. Ra8 Qxf2 31. Qc3 Qf4+ 32. Kh1 Qe5 33. Qxe5 Rxe5 34. Rb8 Rb5 35. Re1 Rxb2 36. Ree8 Kg7 37. Kh2 Kf6 38. Re1 g5 39. Rbe8 Rf2 40. R8e6+ Kg7 41. R6e3 Rxa2 42. Rb3 c6 43. Reb1 Ra7 44. Re1 d5 45. Rbe3 d4 46. Re6 c5 47. Rd6 b5 48. Re5 Rad7 49. Rb6 d3 50. Ree6 d2 0-1

[Event "GER-chT U20 Girls"]
[Site "Stuttgart"]
[Date "2007.12.28"]
[Round "4.4"]
[White "Steinmetz, Charlotte"]
[Black "Jentsch, Corinna"]
[Result "1-0"]
[WhiteElo "1188"]
[BlackElo "966"]
[PlyCount "75"]
[EventDate "2007.12.27"]
[EventType "team-swiss"]
[EventRounds "7"]
[EventCountry "GER"]
[SourceTitle "EXT 2009"]
[Source "ChessBase"]
[SourceDate "2008.11.26"]
[SourceVersion "1"]
[SourceVersionDate "2008.11.26"]
[SourceQuality "1"]
[WhiteTeam "Leipzig Turm U20 Girls"]
[BlackTeam "Fritzdorf Gruen Weiss U20 Girls"]
[WhiteTeamCountry "GER"]
[BlackTeamCountry "GER"]

1. e4 e5 2. Nf3 Nc6 3. d4 f6 4. Bc4 Nge7 5. 0-0 Ng6 6. Be3 d6 7. Bb5 Bd7 8. d5 Nb8 9. Nc3 Bxb5 10. Nxb5 a6 11. Nc3 c5 12. dxc6 Nxc6 13. Nd5 Rc8 14. Qd3 b5 15. Qa3 Qa5 16. Qb3 Nge7 17. Bb6 Qa4 18. Nc7+ Rxc7 19. Bxc7 Qxe4 20. Bxd6 Qf5 21. Rad1 Qc8 22. Rd2 g5 23. Rfd1 g4 24. Nh4 Bh6 25. g3 Bxd2 26. Rxd2 Nd4 27. Qd3 Nf3+ 28. Nxf3 gxf3 29. Qxf3 Qe6 30. Bc7 Kf7 31. Rd6 e4 32. Qh5+ Ng6 33. Rxe6 Kxe6 34. Qc5 Kf7 35. Qd5+ Kg7 36. Qxe4 Rf8 37. Qc6 Ne7 38. Qxa6 1-0

[Event "Sachsen-ch U14 Girls"]
[Site "Sebnitz"]
[Date "2007.04.11"]
[Round "3"]
[White "Steinmetz, Charlotte"]
[Black "Erofeev, Anastasia"]
[Result "0-1"]
[WhiteElo "1020"]
[BlackElo "1388"]
[PlyCount "56"]
[EventDate "2007.04.10"]
[EventType "swiss"]
[EventRounds "7"]
[EventCountry "GER"]
[SourceTitle "EXT 2008"]
[Source "ChessBase"]
[SourceDate "2007.11.25"]
[SourceVersion "1"]
[SourceVersionDate "2007.11.25"]
[SourceQuality "1"]

1. e4 e5 2. Nf3 Nc6 3. d4 exd4 4. Bc4 Nf6 5. e5 Ne4 6. 0-0 d5 7. Bb5 Bd7 8. Bxc6 Bxc6 9. Nxd4 Bc5 10. Be3 0-0 11. Nd2 Bxd4 12. Bxd4 b6 13. e6 fxe6 14. Qg4 Qe7 15. Nf3 Bb7 16. h4 c5 17. Be5 d4 18. Ng5 Nxg5 19. hxg5 Rf5 20. f4 Rd8 21. Kf2 Rd5 22. Rh1 Rdxe5 23. g6 h6 24. Kg3 Re4 25. Qf3 Re3 26. Qxe3 dxe3 27. Rad1 Rxf4 28. Kxf4 Qg5# 0-1

[Event "Sachsen-ch U14 Girls"]
[Site "Sebnitz"]
[Date "2007.04.10"]
[Round "1"]
[White "Spangenberg, Pia"]
[Black "Steinmetz, Charlotte"]
[Result "1-0"]
[WhiteElo "1450"]
[BlackElo "1020"]
[PlyCount "83"]
[EventDate "2007.04.10"]
[EventType "swiss"]
[EventRounds "7"]
[EventCountry "GER"]
[SourceTitle "EXT 2008"]
[Source "ChessBase"]
[SourceDate "2007.11.25"]
[SourceVersion "1"]
[SourceVersionDate "2007.11.25"]
[SourceQuality "1"]

1. e4 c5 2. Nf3 Nc6 3. d4 cxd4 4. Nxd4 g6 5. Nc3 Bg7 6. Be3 Nf6 7. Be2 0-0 8. Qd2 Ng4 9. Bxg4 d6 10. Bxc8 Qxc8 11. 0-0 Ne5 12. h3 Nc4 13. Qc1 Nxe3 14. Qxe3 Qc4 15. Nde2 Qb4 16. Rab1 e6 17. a3 Qc4 18. Qd3 Qc5 19. b4 Qg5 20. Qxd6 Rad8 21. Qg3 Qd2 22. Qe3 Qd6 23. Rfd1 Qa6 24. Rxd8 Rxd8 25. a4 Qd6 26. Rd1 Qe7 27. Rxd8+ Qxd8 28. Qd3 Qb6 29. Qb5 Qd8 30. Qxb7 Be5 31. Qb5 Bc7 32. Qd3 Qe7 33. Nb5 Be5 34. f4 Bb2 35. Qd6 Qb7 36. Ng3 a6 37. Qc7 Qa8 38. Nd6 Kg7 39. Qxf7+ Kh6 40. Qxe6 Qa7+ 41. Kh2 Qf2 42. Ndf5# 1-0

[Event "Sachsen-ch U12 Girls"]
[Site "Sebnitz"]
[Date "2006.04.21"]
[Round "7"]
[White "Schiffer, Katharina"]
[Black "Steinmetz, Charlotte"]
[Result "0-1"]
[WhiteElo "1043"]
[BlackElo "997"]
[PlyCount "60"]
[EventDate "2006.04.18"]
[EventType "swiss"]
[EventRounds "7"]
[EventCountry "GER"]
[SourceTitle "EXT 2007"]
[Source "ChessBase"]
[SourceDate "2006.11.23"]
[SourceVersion "1"]
[SourceVersionDate "2006.11.23"]
[SourceQuality "1"]

1. c4 e5 2. Nc3 Bc5 3. g3 Nc6 4. e3 d6 5. Bg2 Be6 6. d3 Nf6 7. Nge2 Qd7 8. 0-0 0-0-0 9. a3 Bh3 10. b4 Bxg2 11. Kxg2 Bb6 12. Nd5 Nxd5 13. cxd5 Ne7 14. Nc3 h5 15. h4 g5 16. Rh1 Rdg8 17. Qa4 Qg4 18. b5 Qd7 19. Qb4 gxh4 20. Rxh4 Nf5 21. Rh3 h4 22. Ne4 hxg3 23. Nf6 Nxe3+ 24. Bxe3 Qxh3+ 25. Kf3 Qf5+ 26. Ke2 Qxf6 27. f3 Rh2+ 28. Kd1 Qxf3+ 29. Kc1 Qf1+ 30. Qe1 Qxe1# 0-1

[Event "Sachsen-ch U12 Girls"]
[Site "Sebnitz"]
[Date "2006.04.19"]
[Round "4"]
[White "Steinmetz, Charlotte"]
[Black "Piotraschke, Lena"]
[Result "0-1"]
[WhiteElo "997"]
[BlackElo "1297"]
[PlyCount "84"]
[EventDate "2006.04.18"]
[EventType "swiss"]
[EventRounds "7"]
[EventCountry "GER"]
[SourceTitle "EXT 2007"]
[Source "ChessBase"]
[SourceDate "2006.11.23"]
[SourceVersion "1"]
[SourceVersionDate "2006.11.23"]
[SourceQuality "1"]

1. e4 e6 2. Nc3 d5 3. d4 Bb4 4. Bd2 dxe4 5. Nxe4 Qxd4 6. Bd3 Bxd2+ 7. Qxd2 Qxb2 8. Qd1 Qb4+ 9. c3 Qa5 10. Nf3 Nc6 11. 0-0 Nge7 12. Nfg5 h6 13. Qh5 Ng6 14. Nf6+ gxf6 15. Bxg6 Qxg5 16. Bxf7+ Ke7 17. Qf3 Kxf7 18. Rad1 Rd8 19. Rde1 Ne5 20. Qe4 Qf5 21. Qh4 Rg8 22. f4 Qg6 23. g3 Nc6 24. f5 Qg5 25. Qe4 Qg4 26. fxe6+ Bxe6 27. Qh7+ Qg7 28. Qe4 Rge8 29. Qf4 Rac8 30. c4 Qg5 31. Qe4 Qc5+ 32. Re3 f5 33. Qf4 Kg6 34. g4 Nd4 35. gxf5+ Nxf5 36. Qg4+ Kh7 37. Rff3 Rg8 38. Qxg8+ Rxg8+ 39. Kf1 Nxe3+ 40. Ke2 Rg2+ 41. Kd3 Qxc4+ 42. Kxe3 Re2# 0-1

[Event "Sachsen-ch U12 Girls"]
[Site "Sebnitz"]
[Date "2006.04.18"]
[Round "2"]
[White "Clausnitzer, Lisa Christin"]
[Black "Steinmetz, Charlotte"]
[Result "0-1"]
[WhiteElo "938"]
[BlackElo "997"]
[PlyCount "72"]
[EventDate "2006.04.18"]
[EventType "swiss"]
[EventRounds "7"]
[EventCountry "GER"]
[SourceTitle "EXT 2007"]
[Source "ChessBase"]
[SourceDate "2006.11.23"]
[SourceVersion "1"]
[SourceVersionDate "2006.11.23"]
[SourceQuality "1"]

1. e4 e5 2. Nf3 Nc6 3. Bc4 Nf6 4. d3 Bc5 5. h3 d6 6. Bg5 Be6 7. Bxe6 fxe6 8. 0-0 d5 9. Nc3 Qd7 10. Bxf6 gxf6 11. Re1 0-0-0 12. a3 Rhg8 13. b4 Bb6 14. Nh4 f5 15. Rb1 Bd4 16. Nb5 fxe4 17. dxe4 dxe4 18. Nxd4 Nxd4 19. c3 Qe7 20. Rxe4 Nf5 21. Qh5 Rg5 22. Qe2 Nxh4 23. Rxh4 Rxg2+ 24. Kxg2 Qxh4 25. c4 Rg8+ 26. Kh2 Qf4+ 27. Kh1 Qf5 28. Qf1 Qf3+ 29. Kh2 Qxa3 30. Ra1 Qf3 31. c5 Rf8 32. Kg1 e4 33. Rxa7 Kb8 34. Qa1 Rg8+ 35. Kf1 Qd3+ 36. Ke1 Rg1# 0-1